<?xml version="1.0" encoding="UTF-8"?>
<collection xmlns="http://www.loc.gov/MARC21/slim">
    <record>
        <controlfield tag="001">70341</controlfield>
        <controlfield tag="005">20180510151933.0</controlfield>
        <datafield tag="024" ind1="8" ind2=" ">
            <subfield code="2">sideral</subfield>
            <subfield code="a">105679</subfield>
        </datafield>
        <datafield tag="037" ind1=" " ind2=" ">
            <subfield code="a">ART-2017-105679</subfield>
        </datafield>
        <datafield tag="041" ind1=" " ind2=" ">
            <subfield code="a">eng</subfield>
        </datafield>
        <datafield tag="100" ind1=" " ind2=" ">
            <subfield code="a">Marqueta Gracia, Bárbara María</subfield>
        </datafield>
        <datafield tag="245" ind1=" " ind2=" ">
            <subfield code="a">Restrictions in the semantic interpretation of English and Spanish compounds</subfield>
        </datafield>
        <datafield tag="260" ind1=" " ind2=" ">
            <subfield code="c">2017</subfield>
        </datafield>
        <datafield tag="506" ind1="0" ind2=" ">
            <subfield code="a">Access copy available to the general public</subfield>
            <subfield code="f">Unrestricted</subfield>
        </datafield>
        <datafield tag="520" ind1="3" ind2=" ">
            <subfield code="a">In this paper we claim that the differences between the semantic interpretation of English and Spanish compounds having identical categories (i.e. Noun + Noun) are determined by their syntactic structure. Assuming the already well-known division between structural semantics (the meaning provided by the syntactic structure) and conceptual semantics (the idiosyncratic meaning with which the construction is stored in the lexicon), we will try to demonstrate that the most productive patterns of compounding in both languages display a systematic contrast: the English constructions (i.e. paperboard, red-haired or dish-washer) has less structural complexity than the Spanish ones (i.e. papel carton, pelirrojo or lavaplatos). As a consequence of that, the amount of conceptual meanings that each member of the three compound patterns can receive in the English language is considerably bigger than in the Spanish language. This correlation between structures and conceptual meaning will be tested with Noun+Noun compounds, Adjective+Noun compounds and, finally, with Noun+Verb compounds. The differences found in all of them are triggered by the kind of relational structure that links the lexical units inside the compounds.</subfield>
        </datafield>
        <datafield tag="536" ind1=" " ind2=" ">
            <subfield code="9">info:eu-repo/grantAgreement/ES/MEC/FPU14-01500</subfield>
        </datafield>
        <datafield tag="540" ind1=" " ind2=" ">
            <subfield code="9">info:eu-repo/semantics/openAccess</subfield>
            <subfield code="a">by-nc-nd</subfield>
            <subfield code="u">http://creativecommons.org/licenses/by-nc-nd/3.0/es/</subfield>
        </datafield>
        <datafield tag="655" ind1=" " ind2="4">
            <subfield code="a">info:eu-repo/semantics/article</subfield>
            <subfield code="v">info:eu-repo/semantics/publishedVersion</subfield>
        </datafield>
        <datafield tag="773" ind1=" " ind2=" ">
            <subfield code="g">9 (2017), 1-35</subfield>
            <subfield code="p">Iberia (Sevilla)</subfield>
            <subfield code="t">Iberia (Sevilla)</subfield>
            <subfield code="x">1989-8525</subfield>
        </datafield>
        <datafield tag="856" ind1="4" ind2="1">
            <subfield code="u">https://revistascientificas.us.es/index.php/iberia/issue/viewFile/481/91</subfield>
            <subfield code="z">Texto completo de la revista</subfield>
        </datafield>
        <datafield tag="856" ind1="4" ind2=" ">
            <subfield code="s">242348</subfield>
            <subfield code="u">http://zaguan.unizar.es/record/70341/files/texto_completo.pdf</subfield>
            <subfield code="y">Versión publicada</subfield>
        </datafield>
        <datafield tag="856" ind1="4" ind2=" ">
            <subfield code="s">80223</subfield>
            <subfield code="u">http://zaguan.unizar.es/record/70341/files/texto_completo.jpg?subformat=icon</subfield>
            <subfield code="x">icon</subfield>
            <subfield code="y">Versión publicada</subfield>
        </datafield>
        <datafield tag="909" ind1="C" ind2="O">
            <subfield code="o">oai:zaguan.unizar.es:70341</subfield>
            <subfield code="p">articulos</subfield>
            <subfield code="p">driver</subfield>
        </datafield>
        <datafield tag="951" ind1=" " ind2=" ">
            <subfield code="a">2018-05-10-14:40:17</subfield>
        </datafield>
        <datafield tag="980" ind1=" " ind2=" ">
            <subfield code="a">ARTICLE</subfield>
        </datafield>
    </record>

    
</collection>